000 00406cam a22001457a 4500
008 180718b1916 xxu||||| |||| 00| 0 eng d
082 _aB2 T718
100 _aTreitschke, H.V.
245 _aPolitics
_cby H.V. Treitschke
260 _aLondon
_bConstable and Company
_c1916
300 _a2v
500 _aContents; v.1.,406p.; v.2.,643p.
650 _aPolitical science
650 _aTreitschke, Heinrich von
999 _c432031
_d432031